000 00868nam a2200253Ia 4500
003 OSt
005 20220930091503.0
006 a|||||r|||| 00| 0
007 ta
008 220926b |||||||| |||| 00| 0 eng d
024 _a6157
037 _cTheses
040 _aCRL
_cCRL
_beng
041 _2eng
_aeng
100 _aGupta Rekha
_9371686
110 _aUniversity of Delhi. Faculty of Medical Sciences. Department of Physical Education and Sports Sciences
_9545820
245 0 _aStudy on the trends of different types of sports injuries
260 _c2008
650 _aPHYSICAL EDUCATION
_9200257
700 _a Dr.Dhananjoy Shaw Gu.
_9538074
700 _aUniversity of Delhi. Faculty of Medical Sciences. Department of Physical Education and Sports Sciences
_9545821
942 _cDIS
_2CC
999 _c882141
_d882141